| 000 | 00478nam a2200181Ia 4500 | ||
|---|---|---|---|
| 003 | GCL | ||
| 008 | 140319s9999 xx 000 0 eng d | ||
| 040 |
_aGCL / _cGCL |
||
| 082 | 0 | 4 |
_a613.71 _bW L |
| 100 | 1 | _aWILLIAMS, MELANIE | |
| 245 | 1 | 0 |
_aLIFETIME FITNESS AND WELHEAS A PERSONAL CHAICE / _cWILLIAMS, MELANIE |
| 260 |
_a[S.N] : _bBROWN & BENCHMARK ، _c1996 |
||
| 300 | _a418 P | ||
| 650 | 0 | 4 | _aFITNESS |
| 650 | 0 | 4 | _aHEALTH |
| 650 | 0 | 4 | _aARABIC EXERCISE |
| 942 |
_2ddc _cBK |
||
| 999 |
_c11730 _d11730 |
||